000
00284nam a2200109 4500
020
_a
9780080965307
050
_a
LC 66 .E26 2010
_b
14465
245
_a
ECONOMICS OF EDUCATION
250
_a
Brewer Domonic J.
_b
McEwan Patrick J.
260
_a
Amsterdam
_b
Elservier
_c
2010
942
_2
lcc
_c
GEN
999
_c
13816
_d
13816